[Event "Gibraltar ChallWk2 11th"]
[Site "Gibraltar"]
[Date "2013.01.30"]
[Round "5.32"]
[White "Georgieva, Emilia"]
[Black "Gravett, Alan D"]
[Result "1/2-1/2"]
[WhiteElo "1949"]
[BlackElo "1869"]
[PlyCount "26"]
[EventDate "2013.01.26"]
[EventType "swiss"]
[EventRounds "5"]
[EventCountry "GGB"]
[SourceTitle "BritBase"]
[Source "www.saund.co.uk"]
[SourceDate "2018.02.10"]
[SourceVersion "1"]
[SourceVersionDate "2018.02.10"]
[SourceQuality "1"]

1. d4 c5 2. c3 e6 3. Nf3 d5 4. Bf4 Nf6 5. e3 cxd4 6. exd4 Qb6 7. Qb3 Qxb3 8.
axb3 a6 9. Nbd2 Nh5 10. Be3 Bd6 11. Be2 Nf4 12. Bxf4 Bxf4 13. g3 Bd6 1/2-1/2